00532 a2200229 4500260001000000630001800010037001300028650003900041100002100080260001800101245002400119300001100143650001800154650001200172260000900184300000900193100000700202037001100209700003300220700003100253020001800284 aParis a57 - Biologie b1, Achat a5 - SCIENCES EXACTES ET NATURELLES aHoagland, Mahlon bInterEditions aLa Cellule insolite a156 p. aGénétique aCellule c1981 b22cm lFr aS 7194 apréf., Kourilsky, Philippe aAlibert-Kouraguine, Daniel a2-7296-0094-9